000 00643nam a22002177a 4500
008 150601b xxu||||| |||| 00| 0 eng d
020 _a0256014515
041 0 _aeng
080 _a338
100 1 _aChristensen, C. Roland
245 1 0 _aBusiness policy: text and cases
_c[by] C. Roland Christensen, Kenneth R. Andrews [and] Joseph L. Bower.
250 _a3d ed.
260 _aHomewood, Ill.,
_bR. D. Irwin,
_c1973.
300 _a1012 f.
_bme il.;
_c24 cm.
650 0 _aKorporatat
650 0 _aOrganizimi i Industrisë
700 1 _aAndrews, Kenneth R.
700 1 _aBower, Joseph L.,
700 1 _aLearned, Edmund P.
942 _2udc
_cBK
999 _c940
_d940